000 00351 a2200145 4500
001 155222
040 _cEscola São Tomás de Aquino
100 _aCERROLAZA, Óscar
240 1 0 _aPlanet@ 2
_lpor
245 1 0 _aPlanet@ 2
300 _a191
362 0 _a1999
697 _aSistemas de escrita, fonologia, fonética da norma espanhola
942 _cBK
999 _c155222
_d155222